Návrh modelu na predikciu krízy vo firme v slovenských podmienkach

Vytvorenie a vyhodnotenie modelu na predikciu, či sa slovenská spoločnosť ocitne v kríze v nasledujúcom roku. Údaje použité na vytvorenie modelu sú z rokov 2014/2015 a dáta z rokov 2015/2016 sú použité na testovanie. Prehľad metrík používaných na hodnotenie kvality alebo účinnosti modelu. Spoľahlivo...

Full description

Saved in:
Bibliographic Details
Main Author: Adamko, Peter
Format: Book Chapter
Language:Slovak
Subjects:
Tags: Add Tag
No Tags, Be the first to tag this record!

MARC

LEADER 00000naa a2200000 4500
001 0251815
005 20220722095620.5
041 0 |a slo 
044 |a SK 
245 1 0 |a Návrh modelu na predikciu krízy vo firme v slovenských podmienkach  |c Peter Adamko 
520 |a Vytvorenie a vyhodnotenie modelu na predikciu, či sa slovenská spoločnosť ocitne v kríze v nasledujúcom roku. Údaje použité na vytvorenie modelu sú z rokov 2014/2015 a dáta z rokov 2015/2016 sú použité na testovanie. Prehľad metrík používaných na hodnotenie kvality alebo účinnosti modelu. Spoľahlivosť modelu je testovaná pomocou štandardných metrík (AUC, Sensitivity, Confusion Matrix, RMSE). 
610 2 0 |a modely prognostické 
610 2 0 |a diagnostika podniková 
610 2 0 |a situácia finančná podniku 
610 2 0 |a bankrot 
610 2 0 |a Slovensko 
100 1 |a Adamko, Peter